Those Awkward Teen Years Quiz Stats

 Plays Quiz Updated Aug 31, 2014

Support Sporcle.
Go Orange.
Score 0/20 Timer 05:00
1 Play Today
Celebrity % Correct
Justin Bieber
81.1%
Jennifer Aniston
72.9%
Taylor Lautner
59.4%
Tina Fey
59.1%
Zac Efron
58.9%
Charlize Theron
50.2%
Amy Poehler
50%
Jennifer Garner
49.4%
Claire Danes
45.3%
Taylor Swift
43%
Celebrity % Correct
John Mayer
39.4%
Zooey Deschanel
34.9%
Stephen King
23%
Avril Lavigne
21.2%
Ryan Seacrest
20.6%
Hugh Jackman
20.3%
Kesha
18.1%
Jennifer Love Hewitt
15.7%
Kate Moss
14%
Shia LaBeouf
6.9%

You're not logged in!

Compare scores with friends on all Sporcle quizzes.
OR
Log In

From the Vault

Add a 'TH'

by LTH

For the last 30 minutes I have been trying to work in a 'th' to every few words I say...and now I have been asked to leave the office.
Remove Ads.
Support Sporcle.
Get the best of Sporcle when you Go Orange. This ad-free experience offers more features, more stats, and more fun while also helping to support Sporcle. Thank you for becoming a member.

Show Comments

Extras

Top Quizzes Today


Score Distribution

Your Account Isn't Verified!

In order to create a playlist on Sporcle, you need to verify the email address you used during registration. Go to your Sporcle Settings to finish the process.

Report this User

Report this user for behavior that violates our Community Guidelines.

Details: